Terraria Tools - Statistics

General Stats
  • This quiz has been taken 30 times
    6 since last reset
  • The average score is 170 of 247
Answer Stats
Answer % Correct
Adamantite Chainsaw
100%
Adamantite Drill
100%
Adamantite Pickaxe
100%
Adamantite Waraxe
100%
Amber Hook
100%
Ash Wood Hammer
100%
Axe of Regrowth
100%
Blue Wrench
100%
Bone Pickaxe
100%
Boreal Wood Hammer
100%
Butcher's Chainsaw
100%
Cactus Pickaxe
100%
Chlorophyte Chainsaw
100%
Chlorophyte Drill
100%
Chum Caster
100%
Clentaminator
100%
Cobalt Chainsaw
100%
Cobalt Drill
100%
Cobalt Pickaxe
100%
Cobalt Waraxe
100%
Copper Axe
100%
Copper Hammer
100%
Copper Pickaxe
100%
Drax
100%
Ebonwood Hammer
100%
Fossil Pickaxe
100%
Gold Axe
100%
Golden Fishing Rod
100%
Gold Hammer
100%
Gold Pickaxe
100%
Gravedigger's Shovel
100%
Green Wrench
100%
Hotline Fishing Hook
100%
Iron Axe
100%
Iron Hammer
100%
Iron Pickaxe
100%
Lead Axe
100%
Lead Hammer
100%
Lead Pickaxe
100%
Mechanic's Rod
100%
Molten Hamaxe
100%
Molten Pickaxe
100%
Multicolor Wrench
100%
Mythril Chainsaw
100%
Mythril Drill
100%
Mythril Pickaxe
100%
Mythril Waraxe
100%
Nebula Drill
100%
Nebula Hamaxe
100%
Nebula Pickaxe
100%
Orichalcum Chainsaw
100%
Orichalcum Drill
100%
Orichalcum Pickaxe
100%
Orichalcum Waraxe
100%
Palladium Chainsaw
100%
Palladium Drill
100%
Palladium Pickaxe
100%
Palladium Waraxe
100%
Palm Wood Hammer
100%
Pearlwood Hammer
100%
Pickaxe Axe
100%
Picksaw
100%
Platinum Axe
100%
Platinum Hammer
100%
Platinum Pickaxe
100%
Pwnhammer
100%
Reaver Shark
100%
Red Wrench
100%
Rich Mahogany Hammer
100%
Rockfish
100%
Sawtooth Shark
100%
Shadewood Hammer
100%
Shroomite Digging Claw
100%
Silver Axe
100%
Silver Hammer
100%
Silver Pickaxe
100%
Sitting Duck's Fishing Pole
100%
Solar Flare Drill
100%
Solar Flare Hamaxe
100%
Solar Flare Pickaxe
100%
Spectre Hamaxe
100%
Spectre Pickaxe
100%
Staff of Regrowth
100%
Stardust Drill
100%
Stardust Hamaxe
100%
Stardust Pickaxe
100%
Terraformer
100%
The Axe
100%
The Grand Design
100%
Tin Axe
100%
Tin Hammer
100%
Tin Pickaxe
100%
Titanium Chainsaw
100%
Titanium Drill
100%
Titanium Pickaxe
100%
Titanium Waraxe
100%
Tungsten Axe
100%
Tungsten Hammer
100%
Tungsten Pickaxe
100%
Vortex Drill
100%
Vortex Hamaxe
100%
Vortex Pickaxe
100%
War Axe of the Night
100%
Wooden Hammer
100%
Wood Fishing Pole
100%
Yellow Wrench
100%
Actuation Rod
67%
Amethyst Hook
67%
Axearang
67%
Blood Lust Cluster
67%
Bone Wand
67%
Bottomless Honey Bucket
67%
Bottomless Lava Bucket
67%
Bottomless Shimmer Bucket
67%
Bottomless Water Bucket
67%
Bucket
67%
Candy Cane Pickaxe
67%
Chlorophyte Greataxe
67%
Chlorophyte Pickaxe
67%
Chlorophyte Warhammer
67%
Chum Bucket
67%
Deathbringer Pickaxe
67%
Diamond Hook
67%
Dual Hook
67%
Emerald Hook
67%
Fancy Golf Club (Driver)
67%
Fancy Golf Club (Putter)
67%
Fiberglass Fishing Pole
67%
Fisher of Souls
67%
Fish Hook
67%
Flare Gun
67%
Fleshcatcher
67%
Flesh Grinder
67%
Golf Club (Driver)
67%
Golf Club (Putter)
67%
Grappling Hook
67%
Haemorrhaxe
67%
Hammush
67%
Hive Wand
67%
Honey Absorbant Sponge
67%
Hook of Dissonance
67%
Laser Drill
67%
Lava Absorbant Sponge
67%
Lawn Mower
67%
Leaf Wand
67%
Living Wood Wand
67%
Lunar Hook
67%
Meteor Hamaxe
67%
Nightmare Pickaxe
67%
Paintbrush
67%
Paint Roller
67%
Paint Scraper
67%
Premium Golf Club (Driver)
67%
Premium Golf Club (Putter)
67%
Reinforced Fishing Pole
67%
Rod of Discord
67%
Rod of Harmony
67%
Ruby Hook
67%
Sapphire Hook
67%
Scarab Fishing Rod
67%
Sickle
67%
Skeletron Hand
67%
Slime Hook
67%
Spectre Paintbrush
67%
Spectre Paint Roller
67%
Spectre Paint Scraper
67%
Spooky Hook
67%
Super Absorbant Sponge
67%
The Breaker
67%
Topaz Hook
67%
Ultra Absorbant Sponge
67%
Wire Cutter
67%
Worm Hook
67%
Anti-Gravity Hook
33%
Bat Hook
33%
Bug Net
33%
Candy Cane Hook
33%
Cell Phone
33%
Chlorophyte Jackhammer
33%
Christmas Hook
33%
Corruption Key
33%
Crimson Key
33%
Desert Key
33%
Dirt Rod
33%
Fancy Golf Club (Iron)
33%
Fancy Golf Club (Wedge)
33%
Frozen Key
33%
Golden Bug Net
33%
Golden Key
33%
Golf Club (Iron)
33%
Golf Club (Wedge)
33%
Golf Whistle
33%
Guide to Critter Companionship
33%
Guide to Environmental Preservation
33%
Guide to Peaceful Coexistence
33%
Hallowed Key
33%
Ice Mirror
33%
Illuminant Hook
33%
Ivy Whip
33%
Jungle Key
33%
Key of Light
33%
Key of Night
33%
Lavaproof Bug Net
33%
Living Mahogany Wand
33%
Lucky Clover
33%
Lucy the Axe
33%
Magic Mirror
33%
Portable Kiln
33%
Portal Gun
33%
Premium Golf Club (Iron)
33%
Premium Golf Club (Wedge)
33%
Raven Feather
33%
Rich Mahogany Leaf Wand
33%
Rubblemaker
33%
Shadow Key
33%
Shellphone
33%
Shimmer Gun
33%
Snake Charmer's Flute
33%
Squirrel Hook
33%
Static Hook
33%
Temple Key
33%
Tendon Hook
33%
Thorn Hook
33%
Tragic Umbrella
33%
Trident
33%
Umbrella
33%
Web Slinger
33%
Wilted Clover
33%
Worn Golf Club (Driver)
33%
Worn Golf Club (Iron)
33%
Worn Golf Club (Putter)
33%
Worn Golf Club (Wedge)
33%
Binoculars
0%
Breathing Reed
0%
Demon Conch
0%
Digtoise
0%
Encumbering Stone
0%
Ice Rod
0%
Magic Conch
0%
Magic Honey Dropper
0%
Magic Lava Dropper
0%
Magic Sand Dropper
0%
Magic Shimmer Dropper
0%
Magic Water Dropper
0%
Mitey-Titey
0%
Sandcastle Bucket
0%
Scrying Orb
0%
No matching quizzes found
Score Distribution
Percent of People with Each Score
Percentile by Number Answered
Your Score History
You have not taken this quiz since the last reset